| 000 | 01665nam0a2200385 4500 | ||
|---|---|---|---|
| 001 | RU\NLR\bibl\163009 | ||
| 005 | 20260406155403.0 | ||
| 010 |
_a5-7406-0261-0 _bВ пер. _95000 |
||
| 021 |
_aRU _b2001-12277 _9575 |
||
| 035 | _a(NLR Aleph) 000159892 | ||
| 090 |
_a919480 _c919480 |
||
| 100 | _a20010601d2000 |||y0rusy50 ca | ||
| 101 | 1 |
_arus _cita |
|
| 102 | _aRU | ||
| 105 | _ay ||||||||| | ||
| 200 | 1 |
_aИзбранные сочинения _e[Пер. с итал.] _fНикколо Макиавелли _g[Ред.-сост. Т. Г. Тетенькина] |
|
| 210 |
_aКалининград _cЯнтар. сказ _d2000 |
||
| 215 |
_a220,[1] с. _d21 |
||
| 327 | 1 | _aСодерж.: Государь; Жизнь Каструччо Кастракани из Лукки; Сказка. Черт, который женился; Мандрагора; Клиция | |
| 600 | 1 |
_aМакиавелли _bН. _f1469 - 1527 _gНикколо _xГосударственно-правовые взгляды _91513910 _3RU\NLR\auth\66657414 |
|
| 675 |
_a821.131.1-8Макиавелли _v3 _zrus |
||
| 686 |
_a17.82 _2rugasnti |
||
| 686 |
_a84(4Ита) _2rubbk |
||
| 686 | _aШ6(4Ит)437-4 | ||
| 686 | _aХ1(4Ит)403 | ||
| 700 | 1 |
_4070 _8rus _7ca _aМакиавелли _bН. _f1469-1527 _gНикколо _3RU\NLR\auth\777637 _9117570 |
|
| 702 | 1 |
_4220 _8rus _7ca _aТетенькина _bТ. Г. _f1947- _gТатьяна Григорьевна _3RU\NLR\auth\775595 _9115558 |
|
| 801 | 0 |
_aRU _bRKP _c20010601 _gPSBO |
|
| 801 | 1 |
_aRU _bRKP _c20010601 |
|
| 801 | 2 |
_aRU _bNLR _c20130919 _grcr |
|
| 942 | _cBOOK | ||
| 980 | _aNB | ||